Itinerarios y derroteros de la Republica Mexicana, publicados por los ayudantes del Estado mayor del ejercito (Record no. 2613)

MARC details
000 -CABECERA
campo de control de longitud fija 00647nam a2200193 a 4500
001 - NÚMERO DE CONTROL
campo de control BRCA_2874
005 - FECHA Y HORA DE LA ÚLTIMA TRANSACCIÓN
campo de control 20190320204017.0
008 - DATOS DE LONGITUD FIJA--INFORMACIÓN GENERAL
campo de control de longitud fija 111208s1856----mx-a---###---#000-0#spa-u
050 #4 - SIGNATURA TOPOGRÁFICA DE LA BIBLIOTECA DEL CONGRESO
Número de clasificación F1213
Número de documento/Ítem .A48 1856
100 1# - ENTRADA PRINCIPAL--NOMBRE DE PERSONA
Nombre de persona Alvarez, Jose Justo
Fechas asociadas al nombre 1821-1897
9 (RLIN) 8020
245 10 - MENCIÓN DE TÍTULO
Título Itinerarios y derroteros de la Republica Mexicana, publicados por los ayudantes del Estado mayor del ejercito
Mención de responsabilidad, etc. Jose J. Alvarez y Rafael Duran.
260 ## - PUBLICACIÓN, DISTRIBUCIÓN, ETC.
Lugar de publicación, distribución, etc. México
Nombre del editor, distribuidor, etc. Imp. de J. A. Godoy
Fecha de publicación, distribución, etc. 1856
300 ## - DESCRIPCIÓN FÍSICA
Extensión 480 p.
Otras características físicas il.
Dimensiones 22 cm.
500 ## - NOTA GENERAL
Nota general B18
651 #4 - PUNTO DE ACCESO ADICIONAL DE MATERIA--NOMBRE GEOGRÁFICO
Nombre geográfico México
Subdivisión general Descripción y viajes
9 (RLIN) 103
700 1# - PUNTO DE ACCESO ADICIONAL--NOMBRE DE PERSONA
Nombre de persona Duran, Rafael
Término indicativo de función/relación coaut
9 (RLIN) 8021
902 ## - CATALOGADOR
Iniciales GFM
942 ## - ELEMENTOS DE PUNTO DE ACCESO ADICIONAL (KOHA)
Fuente del sistema de clasificación o colocación Library of Congress Classification
Tipo de ítem Koha Libros
Holdings
Estado de retiro Estado de pérdida Estado dañado No para préstamo Localización permanente Ubicación/localización actual Fecha de adquisición Número de inventario Total de préstamos Signatura topográfica completa Código de barras Fecha visto por última vez Precio válido a partir de Tipo de ítem Koha
El ejemplar forma parte de la colección y puede ser consultado según las políticas vigentes.       Biblioteca del Museo Franz Mayer (Rogerio Casas-Alatriste) Biblioteca del Museo Franz Mayer (Rogerio Casas-Alatriste) 11/12/2008 B18   F1213 .A48 1856 (B18) 2871 22/03/2019 22/03/2019 Libros